| 000 | 00623nam a2200217 a 4500 | ||
|---|---|---|---|
| 005 | 20140310183453.0 | ||
| 008 | 090710s19uu xx 00 eng d | ||
| 020 | _a9781412950794 | ||
| 050 |
_aHD 58.8 _b.An68144 2010 |
||
| 100 | _aAnderson, Donald L. | ||
| 245 |
_aOrganization development : _bthe process of leading organizational change / _cDonald L. Anderson |
||
| 260 |
_aLos Angeles : _bSage, _c2010. |
||
| 300 |
_a369 p. : _bill. ; _c25 cm. |
||
| 500 | _aInclude index | ||
| 521 | _aBSBA | ||
| 650 | _aBSBA. | ||
| 650 | _aHRM. | ||
| 650 | _aOrganizational change. | ||
| 942 |
_cBK _2lcc _kFOR |
||
| 999 |
_c23496 _d23496 |
||